000 01033nam a22002177a 4500
008 130213t xxu||||| |||| 00| 0 eng d
020 _a9-7818-4703-7480
082 _222 ed.
_a346.0682
_bBAN
100 _aBanks, Roderick I'Anson
_96893
245 _aLindley & Banks on Partnership /
_c Roderick I'Anson Banks
250 _a19 ed.
260 _aLondon :
_bThomson Reuters(Legal) Ltd.
_c2010
300 _acxcvi, 1341 p. ;
_c24 cm.
500 _aIncludes Index
650 _aPartnership
_96894
650 _aLindley & Banks on Partnership
_96895
942 _2ddc
_cBK
999 _c5251
_d5251